Normal view
MARC view
- Lientz, Bennet P , Larssen, Lee
Entry Personal Name
001 - CONTROL NUMBER
- control field: 64213
003 - CONTROL NUMBER IDENTIFIER
- control field: NUST
005 - DATE AND TIME OF LATEST TRANSACTION
- control field: 20210628203236.0
008 - FIXED-LENGTH DATA ELEMENTS
- fixed length control field: 210628|| aca||aabn | a|a d
040 ## - CATALOGING SOURCE
- Original cataloging agency: NUST
- Transcribing agency: NUST
100 ## - HEADING--PERSONAL NAME
- Personal name: Lientz, Bennet P , Larssen, Lee
670 ## - SOURCE DATA FOUND
- Source citation: Work cat.: (NUST): Lientz, Bennet P , Larssen, Lee, Risk management for it projects , how to deal with over 150 issues and risks, 2006
